Art is everywhere.

Bibliographic Details
Main Author: Kessler, Leonard P., 1920-
Format: Book
Language:English
Published: New York : Dodd, Mead, 1958.
Subjects:

MARC

Tag First Indicator Second Indicator Subfields
LEADER 00000cam a2200000 4500
001 in00000200021
005 20151009052628.0
008 740920s1958 nyua 00000 eng
010 |a  58010766  
035 |a (OCoLC)01017047 
035 |9 AAW1400AM 
040 |c ITD  |d TXA  |d UtOrBLW 
049 |a TXAM  |c [424338] 
050 0 0 |a NC655  |b .K396 
082 0 |a 741 
100 1 |a Kessler, Leonard P.,  |d 1920- 
245 1 0 |a Art is everywhere. 
264 1 |a New York :  |b Dodd, Mead,  |c 1958. 
300 |a 87 pages :  |b illustrations ;  |c 25 cm. 
336 |a text  |b txt  |2 rdacontent 
337 |a unmediated  |b n  |2 rdamedia 
338 |a volume  |b nc  |2 rdacarrier 
650 0 |a Drawing  |x Study and teaching. 
650 0 |a Painting  |x Technique. 
999 |a MARS 
999 f f |s ac819254-25bd-394a-82d9-5b8bebc7ec41  |i ad71a2cd-818e-32f1-8fd5-4cecf30d79b8  |t 0 
952 f f |p normal  |a Texas A&M University  |b College Station  |c Sterling C. Evans Library  |d Evans: Library Stacks  |t 0  |e NC655 .K396  |h Library of Congress classification  |i unmediated -- volume  |m A14803461935 
998 f f |a NC655 .K396  |t 0  |l Evans: Library Stacks